21世紀千葉ロッテマリーンズ開幕スタメン - Statistics

General Stats
  • This quiz has been taken 37 times
  • The average score is 185 of 260
Answer Stats
Answer % Correct
里崎智也
100%
里崎智也
100%
里崎智也
100%
里崎智也
100%
里崎智也
100%
里崎智也
100%
里崎智也
100%
里崎智也
100%
里崎智也
100%
里崎智也
100%
里崎智也
100%
福浦和也
96%
福浦和也
96%
福浦和也
96%
福浦和也
96%
福浦和也
96%
2006 西岡剛
96%
福浦和也
96%
福浦和也
96%
2008 西岡剛
96%
福浦和也
96%
福浦和也
96%
西岡剛
96%
2010 西岡剛
96%
福浦和也
96%
福浦和也
96%
福浦和也
96%
福浦和也
96%
ポランコ
96%
ソト
96%
ポランコ
96%
ポランコ
96%
ソト
96%
ポランコ
96%
ソト
96%
荻野貴司
91%
荻野貴司
91%
2015 荻野貴司
91%
荻野貴司
91%
2018 荻野貴司
91%
荻野貴司
91%
2021 荻野貴司
91%
2023 荻野貴司
91%
小島和哉
91%
小島和哉
91%
小島和哉
91%
サブロー
87%
2003 サブロー
87%
今江敏晃
87%
サブロー
87%
今江敏晃
87%
サブロー
87%
今江敏晃
87%
サブロー
87%
今江敏晃
87%
サブロー
87%
今江敏晃
87%
サブロー
87%
今江敏晃
87%
成瀬善久
87%
今江敏晃
87%
サブロー
87%
成瀬善久
87%
サブロー
87%
今江敏晃
87%
成瀬善久
87%
角中勝也
87%
今江敏晃
87%
サブロー
87%
成瀬善久
87%
角中勝也
87%
成瀬善久
87%
角中勝也
87%
今江敏晃
87%
田村龍弘
87%
角中勝也
87%
中村奨吾
87%
角中勝也
87%
田村龍弘
87%
中村奨吾
87%
藤岡裕大
87%
中村奨吾
87%
田村龍弘
87%
2019 藤原恭大
87%
中村奨吾
87%
角中勝也
87%
田村龍弘
87%
藤岡裕大
87%
角中勝也
87%
中村奨吾
87%
田村龍弘
87%
藤岡裕大
87%
中村奨吾
87%
田村龍弘
87%
藤原恭大
87%
中村奨吾
87%
佐藤都志也
87%
藤岡裕大
87%
中村奨吾
87%
田村龍弘
87%
藤岡裕大
87%
藤原恭大
87%
2024 藤岡裕大
87%
中村奨吾
87%
佐藤都志也
87%
藤岡裕大
87%
藤原恭大
87%
佐藤都志也
87%
藤原恭大
87%
井口資仁
83%
井口資仁
83%
井口資仁
83%
井口資仁
83%
井口資仁
83%
井口資仁
83%
井口資仁
83%
李承燁
78%
涌井秀章
78%
涌井秀章
78%
涌井秀章
78%
涌井秀章
78%
2001 小坂誠
74%
2002 小坂誠
74%
小坂誠
74%
フランコ
74%
小坂誠
74%
2005 小坂誠
74%
フランコ
74%
フランコ
74%
橋本将
74%
橋本将
74%
鈴木大地
74%
鈴木大地
74%
デスパイネ
74%
鈴木大地
74%
鈴木大地
74%
鈴木大地
74%
石川歩
74%
石川歩
74%
安田尚憲
74%
石川歩
74%
安田尚憲
74%
安田尚憲
74%
ベニー
70%
清水直行
70%
ベニー
70%
清水直行
70%
ベニー
70%
ベニー
70%
清水直行
70%
清水直行
70%
井上晴哉
70%
井上晴哉
70%
井上晴哉
70%
井上晴哉
70%
井上晴哉
70%
レアード
70%
レアード
70%
井上晴哉
70%
2022 高部瑛斗
70%
レアード
70%
井上晴哉
70%
高部瑛斗
70%
小川龍成
70%
2026 高部瑛斗
70%
小川龍成
70%
堀幸一
65%
堀幸一
65%
堀幸一
65%
堀幸一
65%
根元俊一
65%
金泰均
65%
2011 岡田幸文
65%
金泰均
65%
根元俊一
65%
岡田幸文
65%
2013 根元俊一
65%
岡田幸文
65%
根元俊一
65%
根元俊一
65%
岡田幸文
65%
2016 岡田幸文
65%
2017 岡田幸文
65%
山口航輝
65%
松川虎生
65%
山口航輝
65%
山口航輝
65%
2025 西川史礁
65%
西川史礁
65%
松川虎生
65%
毛利海大
65%
大松尚逸
61%
大松尚逸
61%
大松尚逸
61%
大松尚逸
61%
大松尚逸
61%
2012 清田育宏
61%
大松尚逸
61%
清田育宏
61%
2014 清田育宏
61%
クルーズ
61%
クルーズ
61%
清田育宏
61%
マーティン
61%
マーティン
61%
マーティン
61%
寺地隆成
61%
岡大海
57%
岡大海
57%
2007 TSUYOSHI
57%
ボーリック
52%
ボーリック
52%
ズレータ
52%
ズレータ
52%
小林宏之
52%
2020 福田秀平
52%
友杉篤輝
52%
初芝清
48%
ホワイトセル
48%
ダフィー
48%
鳥谷敬
48%
二木康太
48%
諸積兼司
43%
黒木知宏
43%
諸積兼司
43%
久保康友
43%
早川大輔
43%
2009 早川大輔
43%
パラデス
43%
加藤翔平
43%
加藤翔平
43%
菅野剛士
39%
菅野剛士
39%
平沢大河
39%
上田希由翔
39%
清水将海
35%
清水将海
35%
オーティズ
35%
パスクチ
30%
ハフマン
30%
バルガス
30%
池田来翔
30%
大塚明
26%
吉田裕太
26%
メイ
22%
メイ
22%
メイ
22%
金澤岳
22%
高濱卓也
22%
ショート
17%
ミンチー
13%
ミンチー
13%
井上純
13%
佐藤幸彦
9%
酒井忠晴
9%
波留敏夫
9%
垣内哲也
9%
2004 波留敏夫
9%
立川隆史
9%
澤井良輔
4%
No matching quizzes found
Score Distribution
Percent of People with Each Score
Percentile by Number Answered
Your Score History
You have not taken this quiz